00361nam a2200145 a 45000010005000000030009000050080041000140400028000550820016000831000023000992450009001222600028001313000010001596500046001694237CO-ViMGA141112s2004 ck r 000 u spa d aCO-ViMGAbspacCO-ViMGA04a927.5 G691f1 aFeuchtwanger, Lion10aGoya aMadrid : bEdaf, c1994 a564 p14aGOYA Y LUCIENTES FRANCISCO DE 1746 - 1828